书目信息 |
| 题名: |
行业英语
|
|
| 作者: | 赵瑞雪 主编 | |
| 分册: | 机械·汽车类 | |
| 出版信息: | 沈阳 东北大学出版社 2014 |
|
| 页数: | 198页 | |
| 开本: | 26cm | |
| 丛书名: | ||
| 单 册: | ||
| 中图分类: | H319.39 , TH-43 , U46 | |
| 科图分类: | ||
| 主题词: | 英语--高等职业教育--教材 , 机械工程--英语--高等职业教育--教材 , 汽车工程--英语--高等职业教育--教材 , 英语 , 机械工程 , 汽车工程 | |
| 电子资源: | ||
| ISBN: | 978-7-5517-0662-9 | |
| 000 | 01136nam0 2200349 450 | |
| 001 | 012015000349 | |
| 005 | 20150915084119.50 | |
| 010 | @a978-7-5517-0662-9@dCNY36.00 | |
| 100 | @a20150601d2014 em y0chiy50 ea | |
| 101 | 0 | @achi |
| 102 | @aCN@b210000 | |
| 105 | @aa z 000yy | |
| 106 | @ar | |
| 200 | 1 | @a行业英语@Ahang ye ying yu@dEnglish for occupation purpose@i机械·汽车类@zeng@f赵瑞雪主编 |
| 210 | @a沈阳@c东北大学出版社@d2014 | |
| 215 | @a198页@c图@d26cm | |
| 300 | @a高职高专英语教材 | |
| 330 | @a本书在内容上涉及专业相关的机械、汽车、信息工程以及航天、通讯、电子等方面的科技英语知识,又涉及学生日常生活所能接触到的身边的科学知识。全书共10个单元。 | |
| 333 | @a高职 | |
| 510 | 1 | @aEnglish for occupation purpose@zeng |
| 606 | 0 | @a英语@x高等职业教育@j教材 |
| 606 | 0 | @a机械工程@x英语@x高等职业教育@j教材 |
| 606 | 0 | @a汽车工程@x英语@x高等职业教育@j教材 |
| 606 | 0 | @a英语 |
| 606 | 0 | @a机械工程 |
| 606 | 0 | @a汽车工程 |
| 690 | @aH319.39@v5 | |
| 690 | @aTH-43@v5 | |
| 690 | @aU46@v5 | |
| 701 | 0 | @a赵瑞雪@Azhao rui xue@4主编 |
| 801 | 0 | @aCN@b碧洲教育@c20150716 |
| 905 | @a10447@f4@dH319.39@e115 | |
| 行业英语=English for occupation purpose.机械·汽车类/赵瑞雪主编.-沈阳:东北大学出版社,2014 |
| 198页:图;26cm |
| 高职高专英语教材.-使用对象:高职 |
| ISBN 978-7-5517-0662-9:CNY36.00 |
| 本书在内容上涉及专业相关的机械、汽车、信息工程以及航天、通讯、电子等方面的科技英语知识,又涉及学生日常生活所能接触到的身边的科学知识。全书共10个单元。 |
| ● |
| 相关链接 |
|
|
|
|
正题名:行业英语
索取号:H319.39/115
 
预约/预借
| 序号 | 登录号 | 条形码 | 馆藏地/架位号 | 状态 | 备注 |
| 1 | 0849647 | 208496475 | 第二样本阅览室/ [索取号:H319.39/115] | 在馆 | |
| 2 | 0849648 | 208496484 | 第四借阅区/ [索取号:H319.39/115] | 在馆 | |
| 3 | 0849649 | 208496493 | 第四借阅区/ [索取号:H319.39/115] | 在馆 | |
| 4 | 0849650 | 208496509 | 第四借阅区/ [索取号:H319.39/115] | 在馆 |